00857nam a22002177a 4500999001900000005001700019010001500036020003100051035001400082037000900096082001400105100002000119245011700139260005700256270011700313300002000430700001600450700002100466942002800487952012400515 c183577d18357720211229102519.0 aENG-130209 a978-81-316-1144-9c1495.00 aEN-113741 bDBAD a371.82954 aShah, Ghanshyam aEducational Status of Scheduled Tribes:bAttainment and Challenges:cGhanshyam Shah, K. Sujatha, Sukhadeo Thorat aChennaibWestland Publications Private Limitedc2019 a1st Floor, A Block, East Wing, Plot No. 40, SP Infocity, Dr MGR Salai, Perungudi, KandanchavadibChennaie600096 a397pc24cm(hbk) aSujatha, K. aThorat, Sukhadeo 2ddccENh371.82954mSHA 001040708NFICaMbMd2021-12-29eDBAD/PUBg1495.00l0o371.82954 SHApEN-113741r2021-12-29 00:00:00t1v1495.00yEN